Psikologi kejayaan

Bibliographic Details
Main Author: Ainon Mohd
Format: Book
Published: Pahang : PTS Publications & Distributors , 2005
Series:Siri motivasi
Subjects:

MARC

LEADER 00000cam a2200000 7i4500
001 0000011947
005 20160330.0
008 071121
020 |a 9832311152 
090 0 0 |a 158   |b AIN 
100 0 |a Ainon Mohd 
245 1 0 |a Psikologi kejayaan   |c Ainon Mohd 
260 |a Pahang :   |b PTS Publications & Distributors ,   |c 2005 
440 |a Siri motivasi 
500 |a Teenager ages 13-18 years old (blue) 
650 0 |a Malay fiction 
650 0 |a Success   |x Psychological aspects, Motivation (Psychology) 
999 |a 0000856559   |b Book   |c Adult Collection   |e Cawangan Mersing 
999 |a 0000923035   |b Book   |c Adult Collection   |e Cawangan Bukit Gambir 
999 |a 0000923036   |b Book   |c Adult Collection   |e Cawangan Bukit Gambir 
999 |a 0001003195   |b Book   |c Adult Collection   |e Perbadanan Perpustakaan Awam Johor 
999 |a 0001003196   |b Book   |c Adult Collection   |e Perbadanan Perpustakaan Awam Johor 
999 |a 0001003198   |b Book   |c Adult Collection   |e Cawangan Bandar Penawar 
999 |a 0001003199   |b Book   |c Adult Collection   |e Perbadanan Perpustakaan Awam Johor 
999 |a 0001003302   |b Book   |c Adult Collection   |e Desa - PPAJ 
999 |a 0001003303   |b Book   |c Adult Collection   |e Desa - PPAJ 
999 |a 0001003304   |b Book   |c Adult Collection   |e Desa - PPAJ 
999 |a 000936568   |b Book   |c Adult Collection   |e Cawangan Bandar Tenggara